| 000 | 00622nam a2200217Ia 4500 | ||
|---|---|---|---|
| 001 | 6736 | ||
| 003 | GE_BSU | ||
| 008 | 181216s||||||||xx |||||||||||||| ||und|| | ||
| 040 | _cGE_BSU | ||
| 080 | _a821.353.1-32 | ||
| 100 | _aგვეტაძე,რაჟდენ. | ||
| 245 | _aმოთხრობები. | ||
| 245 | _cრედ:ო.ეგაძე. | ||
| 260 | _aთბილისი. | ||
| 260 | _bსახელმწიფო გამომცემლობა. | ||
| 260 | _c1951. | ||
| 300 | _a413გვ;20სმ. | ||
| 300 | _bფოტო. | ||
| 653 | _aმოთხრობა. | ||
| 942 | _cBK | ||
| 999 |
_c40130 _d40130 |
||